One minute blitz:Selena Gomez Songs Quiz Stats

 Plays Quiz not verified by Sporcle

Challenge
Share
Tweet
Embed
Score 0/8 Timer 01:00
0 Plays Today
Songs % Correct
The desert (rain)A Year Without Rain
89.4%
CirclesRound and Round
71.5%
I fell downFalling Down
66.3%
Wow, how many inches are in a mile?Tell Me Something I Don't Know
65.9%
WizardMagic
51.9%
Demi Lovato, Princess ProtectionOne and the same
46.1%
The river flows ________Naturally
30.8%
So, you don't forgive me?I won't appologize
2.5%

You're not logged in!

Compare scores with friends on all Sporcle quizzes.
Join for Free
OR
Log In

You Might Also Like...

Show Comments

Extras

Created Sep 10, 2010ReportNominate
Tags:Song Quiz, gomez, penguin, selena

Top Quizzes Today


Score Distribution

Your Account Isn't Verified!

In order to create a playlist on Sporcle, you need to verify the email address you used during registration. Go to your Sporcle Settings to finish the process.

Report this User

Report this user for behavior that violates our Community Guidelines.

Details: